Informació, poder i tecnologia : XVIII Setmana d'Estudis Socials XVIII Setmana d'Estudis Socials
Descripción Física:
171 p. ; 23'5 cm
Colección:
Quaderns d'Estudis Socials ; 3
Materias:
Comunicació
MARC
| LEADER | 00000nam a2200000Ia 4500 | ||
|---|---|---|---|
| 001 | 2275 | ||
| 008 | 160829s1982 xx 000 0 cat d | ||
| 080 | |a C-1-278 | ||
| 100 | |a Setmana d'Estudis Socials (18a : 1982 : Barcelona) |9 23573 | ||
| 245 | |a Informació, poder i tecnologia : |b XVIII Setmana d'Estudis Socials | ||
| 260 | |a Barcelona : |b Diputació de Barcelona. Institut de Ciències Socials, |c 1982 | ||
| 300 | |a 171 p. ; |c 23'5 cm | ||
| 490 | |a Quaderns d'Estudis Socials ; 3 | ||
| 650 | |a Comunicació |9 22995 | ||
| 710 | 2 | |9 54509 |a Institut de Ciències Socials (Barcelona, Catalunya) | |
| 901 | |a Arxiu | ||
| 942 | |n 1 |2 udc | ||
| 952 | |0 0 |1 0 |4 0 |6 C1278 |7 1 |9 42760 |a Arxiu |b Arxiu |d 2016-12-01 |l 0 |o C-1-278 |p 2275 |r 2016-12-01 00:00:00 |w 2016-12-01 |y ARXIU | ||
| 952 | |0 0 |1 0 |4 0 |6 PDL |7 1 |9 63759 |a Arxiu |b Arxiu |d 2022-09-05 |l 0 |o PDL |p 26679 |r 2022-09-05 00:00:00 |w 2022-09-05 |y ARXIU | ||
| 999 | |c 45266 |d 45266 | ||